[Event "GER-chT U18 Girls"]
[Site "Germany"]
[Date "2012.05.05"]
[Round "6.1"]
[White "Wolff, Marie Antoinette"]
[Black "Hammer, Nicole"]
[Result "1-0"]
[WhiteElo "1144"]
[BlackElo "752"]
[PlyCount "65"]
[EventDate "2012.05.04"]
[EventType "team-swiss"]
[EventRounds "7"]
[EventCountry "GER"]
[SourceTitle "EXT 2014"]
[Source "ChessBase"]
[SourceDate "2013.11.20"]
[SourceVersion "1"]
[SourceVersionDate "2013.11.20"]
[SourceQuality "1"]
[WhiteTeam "Oranienburg Louise Henriette Gym (W)"]
[BlackTeam "Hamm FvSG (W)"]
[WhiteTeamCountry "GER"]
[BlackTeamCountry "GER"]

1. e4 e5 2. Nf3 Nc6 3. Bc4 Bc5 4. c3 d6 5. d4 Be6 6. d5 Na5 7. dxe6 f6 8. Bb3 Ne7 9. 0-0 c6 10. Be3 Bxe3 11. fxe3 Qb6 12. Qd2 0-0-0 13. Na3 Ng6 14. Qe2 Nf4 15. Qf2 d5 16. exd5 cxd5 17. Kh1 Nxe6 18. Bxd5 Nc7 19. e4 h6 20. Qc2 Nxd5 21. exd5 Rxd5 22. Qf5+ Kb8 23. b4 Nc6 24. Nc4 Qb5 25. Nfd2 e4 26. Qxe4 Rg5 27. Nf3 Rh5 28. Nd6 Qa4 29. Qg4 Ne7 30. Qxh5 Qc2 31. Qb5 b6 32. Qd7 Qxc3 33. Qb7# 1-0

[Event "GER-chT U18 Girls"]
[Site "Germany"]
[Date "2012.05.04"]
[Round "2.1"]
[White "Hammer, Nicole"]
[Black "Garbere, Diana"]
[Result "0-1"]
[WhiteElo "752"]
[BlackElo "1026"]
[PlyCount "62"]
[EventDate "2012.05.04"]
[EventType "team-swiss"]
[EventRounds "7"]
[EventCountry "GER"]
[SourceTitle "EXT 2014"]
[Source "ChessBase"]
[SourceDate "2013.11.20"]
[SourceVersion "1"]
[SourceVersionDate "2013.11.20"]
[SourceQuality "1"]
[WhiteTeam "Hamm FvSG (W)"]
[BlackTeam "Hamburg CPG (W)"]
[WhiteTeamCountry "GER"]
[BlackTeamCountry "GER"]

1. e4 e5 2. Nf3 Nc6 3. Bc4 Nf6 4. d3 Bc5 5. Nc3 h6 6. Bd2 d6 7. h3 0-0 8. 0-0 Be6 9. Bxe6 fxe6 10. Nh4 Nxe4 11. dxe4 Qxh4 12. Be3 Bb6 13. Ne2 Qxe4 14. Ng3 Qh4 15. Nh5 Bxe3 16. fxe3 g6 17. Nf6+ Rxf6 18. Rxf6 Qxf6 19. Qg4 Rf8 20. h4 h5 21. Qc4 Kh7 22. Kh2 Qf2 23. e4 Qxh4+ 24. Kg1 d5 25. Qe2 Nd4 26. Qd3 Rf4 27. c3 Qf2+ 28. Kh2 Rh4+ 29. Qh3 Nf3+ 30. Kh1 Rxh3+ 31. gxh3 Qh2# 0-1